LEADER 01085nam a2200289 i 4500 001 991002209269707536 005 20230704153601.0 008 000220s1989 it ||| | ita 020 $a8815020497 035 $ab10975354-39ule_inst 035 $aPARLA157389$9ExL 040 $aDip.to Filosofia$bita 082 0 $a320.5092 100 1 $aBendersky, Joseph W.$0248423 245 10$aCarl Schmitt teorico del Reich /$cJoseph W. Bendersky 260 $aBologna :$bIl Mulino,$c1989 300 $a370 p. ;$c21 cm 490 0 $aSaggi [Il Mulino] ;$v355 500 $aTit. orig.: Carl Schmitt theorist for the Reich. - 1983 650 4$aSchmitt, Carl 907 $a.b10975354$b23-02-17$c28-06-02 912 $a991002209269707536 945 $aLE005IF XIV H 2$g2$i2005000088988$lle005$o-$pE0.00$q-$rl$s-$t0$u1$v12$w1$x0$y.i11086683$z28-06-02 945 $aLE005IF XLIV F 8$g1$iLE005IFA-3097$lle005$o-$pE0.00$q-$rl$s-$t0$u0$v0$w0$x0$y.i11086695$z28-06-02 996 $aCarl Schmitt theorist for the Reich$923874 997 $aUNISALENTO 998 $ale005$b01-01-00$cm$da$e-$fita$git$h0$i2